| 000 | 00452nam a2200157Ia 4500 | ||
|---|---|---|---|
| 008 | 151213s9999 xx 000 0 und d | ||
| 100 | _aGeorge R. Terry & Stephen G. Franklin | ||
| 245 |
_aPrinciples of management _cGeorge R. Terry & Stephen G. Franklin |
||
| 250 | _a8th | ||
| 260 |
_aDelhi _bA.T.T.B.S. _c2002 |
||
| 300 | _a1067 p. | ||
| 650 | _aManagement | ||
| 650 | _aManagement | ||
| 700 | _aGeorge R. Terry & Stephen G. Franklin | ||
| 999 |
_c1022 _d1022 |
||